[Event "Regionalliga SW 1516"]
[Site "Bayern"]
[Date "2016.04.10"]
[Round "9.8"]
[White "Liebl, Korbinian"]
[Black "Goettl, Michael"]
[Result "1-0"]
[WhiteElo "1978"]
[BlackElo "1709"]
[PlyCount "83"]
[EventDate "2015.10.11"]
[EventType "team-tourn"]
[EventRounds "9"]
[EventCountry "GER"]
[SourceTitle "EXT 2018"]
[Source "ChessBase"]
[SourceDate "2017.10.13"]
[SourceVersion "1"]
[SourceVersionDate "2017.10.13"]
[SourceQuality "1"]
[WhiteTeam "Garching III"]
[BlackTeam "Memmingen"]
[WhiteTeamCountry "GER"]
[BlackTeamCountry "GER"]

1. e4 c6 2. Nf3 d5 3. exd5 cxd5 4. Ne5 Bf5 5. d4 Nc6 6. Bb5 Qb6 7. c4 Nf6 8. Nc3 e6 9. Qa4 Rc8 10. c5 Qd8 11. Nxc6 bxc6 12. Bxc6+ Ke7 13. Bf4 Nd7 14. 0-0 Nb8 15. Qxa7+ Kf6 16. Bb7 Qd7 17. Bxb8 Bxc5 18. Be5+ Kg6 19. dxc5 d4 20. Ne2 d3 21. Nf4+ Kh6 22. c6 Qe7 23. Qe3 g5 24. Bxc8 Rxc8 25. Nxd3 Rxc6 26. Rac1 Ra6 27. h4 f6 28. hxg5+ fxg5 29. Rc7 Qd8 30. Nc5 Ra5 31. b4 Rxa2 32. Rd7 Qe8 33. Bf6 Qg6 34. Bg7+ Kh5 35. Qg3 g4 36. Rfd1 Qg5 37. Be5 Re2 38. Nxe6 Qh4 39. Ng7+ Kg5 40. Qf4+ Kg6 41. R1d6+ Qf6 42. Rxf6# 1-0

[Event "Landesliga Nord 1011"]
[Site "Bayern"]
[Date "2010.12.12"]
[Round "4.6"]
[White "Liebl, Korbinian"]
[Black "Oechslein, Rainer"]
[Result "0-1"]
[WhiteElo "1892"]
[BlackElo "2099"]
[PlyCount "76"]
[EventDate "2010.10.10"]
[EventType "team-tourn"]
[EventRounds "9"]
[EventCountry "GER"]
[SourceTitle "EXT 2012"]
[Source "ChessBase"]
[SourceDate "2011.11.24"]
[SourceVersion "1"]
[SourceVersionDate "2011.11.24"]
[SourceQuality "1"]
[WhiteTeam "Koetzting"]
[BlackTeam "Schweinfurt"]
[WhiteTeamCountry "GER"]
[BlackTeamCountry "GER"]

1. e4 c5 2. c3 Nf6 3. e5 Nd5 4. Nf3 e6 5. Bc4 Nb6 6. Bb3 d6 7. exd6 Bxd6 8. 0-0 Nc6 9. d4 0-0 10. Bc2 Be7 11. Qd3 g6 12. Be3 cxd4 13. Nxd4 e5 14. Nxc6 bxc6 15. Qe2 Qc7 16. Re1 Re8 17. Nd2 Nd5 18. a3 a5 19. Bh6 Bf8 20. Bxf8 Kxf8 21. Nf3 f6 22. Qc4 Kg7 23. b4 Be6 24. Qc5 Qa7 25. Qxa7+ Rxa7 26. c4 Nb6 27. Be4 Rc8 28. c5 Nd5 29. Rab1 axb4 30. axb4 Nc3 31. Rb2 Nxe4 32. Rxe4 Rb8 33. Ne1 Ra4 34. h3 Bd5 35. Re3 Raxb4 36. Rxb4 Rxb4 37. Rc3 Rb1 38. Kf1 Bxg2+ 0-1

[Event "Landesliga Nord 1011"]
[Site "Bayern"]
[Date "2010.10.10"]
[Round "1.8"]
[White "Paar, Johannes"]
[Black "Liebl, Korbinian"]
[Result "1-0"]
[WhiteElo "1914"]
[BlackElo "1892"]
[PlyCount "81"]
[EventDate "2010.10.10"]
[EventType "team-tourn"]
[EventRounds "9"]
[EventCountry "GER"]
[SourceTitle "EXT 2012"]
[Source "ChessBase"]
[SourceDate "2011.11.24"]
[SourceVersion "1"]
[SourceVersionDate "2011.11.24"]
[SourceQuality "1"]
[WhiteTeam "Schwandorf"]
[BlackTeam "Koetzting"]
[WhiteTeamCountry "GER"]
[BlackTeamCountry "GER"]

1. d4 Nf6 2. c4 g6 3. Nc3 Bg7 4. e4 d6 5. Be2 0-0 6. Nf3 e5 7. 0-0 Nc6 8. d5 Ne7 9. Ne1 Nd7 10. Be3 f5 11. f3 f4 12. Bf2 g5 13. b4 Nf6 14. c5 h5 15. cxd6 cxd6 16. Rc1 Ne8 17. Nb5 a6 18. Nc3 Bd7 19. a4 Nf6 20. a5 g4 21. fxg4 hxg4 22. Bh4 Bh6 23. Bxf6 Rxf6 24. Bxg4 Bxg4 25. Qxg4+ Rg6 26. Qf3 b6 27. Ra1 Qc7 28. Nd1 Rc8 29. Nd3 Qc4 30. N1f2 Qd4 31. axb6 Kh8 32. Rad1 Qxb6 33. Kh1 Rf8 34. Rc1 Nc8 35. Rc6 Qe3 36. Nxe5 Rxg2 37. Qxg2 Rg8 38. Nf7+ Kh7 39. Qh3 f3 40. Nxh6 Qxh6 41. Rc7+ 1-0

[Event "Miercurea Ciuc Banc Post op 13th"]
[Site "Miercurea Ciuc"]
[Date "2010.08.11"]
[Round "2"]
[White "Cornea, Alexandru"]
[Black "Liebl, Korbinian"]
[Result "1/2-1/2"]
[WhiteElo "1926"]
[BlackElo "1783"]
[PlyCount "56"]
[EventDate "2010.08.10"]
[EventType "swiss"]
[EventRounds "9"]
[EventCountry "ROU"]
[SourceTitle "EXT 2012"]
[Source "ChessBase"]
[SourceDate "2011.11.24"]
[SourceVersion "1"]
[SourceVersionDate "2011.11.24"]
[SourceQuality "1"]

1. Nf3 Nf6 2. c4 g6 3. Nc3 Bg7 4. g3 0-0 5. Bg2 d6 6. d4 Nc6 7. 0-0 a6 8. Re1 Rb8 9. a4 Bd7 10. Rb1 e5 11. d5 Ne7 12. b3 Ne8 13. e4 f5 14. Ng5 h6 15. Ne6 Bxe6 16. dxe6 Qc8 17. exf5 gxf5 18. Nd5 Qxe6 19. Qh5 Kh7 20. g4 Nxd5 21. Bxd5 Qg6 22. Qxg6+ Kxg6 23. gxf5+ Kxf5 24. Be4+ Kf6 25. f4 exf4 26. Bxf4 Kf7 27. Bd5+ Kg6 28. Be4+ Kf7 1/2-1/2

[Event "Oberpfalz-ch M2"]
[Site "Roding"]
[Date "2010.03.27"]
[Round "2"]
[White "Mirbeth, Florian"]
[Black "Liebl, Korbinian"]
[Result "0-1"]
[WhiteElo "1626"]
[BlackElo "1749"]
[PlyCount "114"]
[EventDate "2010.03.27"]
[EventType "swiss"]
[EventRounds "8"]
[EventCountry "GER"]
[SourceTitle "EXT 2012"]
[Source "ChessBase"]
[SourceDate "2011.11.24"]
[SourceVersion "1"]
[SourceVersionDate "2011.11.24"]
[SourceQuality "1"]

1. d4 Nf6 2. Nf3 g6 3. g3 Bg7 4. Bg2 0-0 5. c4 d6 6. Nc3 Nc6 7. 0-0 a6 8. Re1 Rb8 9. a4 e5 10. d5 Ne7 11. e4 Nd7 12. Ng5 h6 13. Nh3 f5 14. f3 a5 15. Nf2 Nc5 16. Nd3 Nxd3 17. Qxd3 Kh7 18. Bd2 Ng8 19. Rf1 h5 20. f4 h4 21. gxh4 Qxh4 22. Rab1 b6 23. Qh3 Qxh3 24. Bxh3 Bh6 25. Rf2 Nf6 26. Re1 Nxe4 27. Nxe4 fxe4 28. Bxc8 Rbxc8 29. Rxe4 Rf5 30. Rfe2 Bxf4 31. Bxf4 Rxf4 32. Rxf4 exf4 33. Re7+ Kh6 34. Kg2 Kg5 35. Kf3 Kf6 36. Re6+ Kf5 37. Re7 g5 38. h3 Kf6 39. Re6+ Kf7 40. Re2 Re8 41. Rc2 Kg6 42. Kg4 Re3 43. Rg2 Rb3 44. h4 Rg3+ 45. Rxg3 fxg3 46. Kxg3 gxh4+ 47. Kxh4 Kf5 48. b3 Ke4 49. Kg5 Kd4 50. Kf5 Kc3 51. Kf6 Kxb3 52. Ke7 Kxc4 53. Kd7 Kb4 54. Kxc7 Kc5 55. Kb7 b5 56. axb5 Kxb5 57. Kc7 Kc5 0-1